Antología cósmica de Serafina Núñez
Guardat en:
| Autor principal: | |
|---|---|
| Format: | Llibre |
| Idioma: | espanyol |
| Publicat: |
Ciudad de México
Frente de Afirmación Hispanista
2000
|
| Matèries: | |
| Etiquetes: |
Afegir etiqueta
Sense etiquetes, Sigues el primer a etiquetar aquest registre!
|
MARC
| LEADER | 00000nam a2200000 a 4500 | ||
|---|---|---|---|
| 001 | UCO2416 | ||
| 003 | CL-VaPUC | ||
| 008 | 000602e20000000MX |||||||||||||||||spa|d | ||
| 082 | 0 | 4 | |a Cu861 |b NUÑ |2 21 |
| 100 | |a Núñez, Serafina |e autora |9 445567 | ||
| 245 | 1 | 0 | |a Antología cósmica de Serafina Núñez |
| 300 | |a 48 p | ||
| 942 | |c BK | ||
| 945 | |d 20000602 00:00:00 |a rbrito | ||
| 260 | |a Ciudad de México |b Frente de Afirmación Hispanista |c 2000 | ||
| 650 | 0 | |a Poesías cubanas |9 316897 | |
| 583 | |a last modification |c 20000602 00:00:00 |k Rodrigo Vera | ||
| 999 | |c 288927 |d 288925 | ||
| 952 | |0 0 |1 0 |4 0 |6 CU_861_000000000000000_NUÑ_2000 |7 0 |8 A |9 336922 |a BIBEDU |b BIBEDU |d 2019-11-20 |i 3623564 |o Cu861 NUÑ 2000 |p 3623564 |r 2019-11-20 |w 2019-11-20 |y BK |k LIT | ||